MARC

LEADER 00000nam a22000007a 4500
005 20180406203939.0
007 cr|||| ||||
008 180406s2017 es |||||s|||| 00||0 spa d
020 |a 978-84-9148-484-4 
035 |a 21313 
040 |a vLex 
090 |c 7679  |d 7679 
100 1 |a Checa Gonzalez, Clemente 
245 1 0 |a Haciendas locales y patrimonio histr̤ico y cultural  |h [Recurso electrn̤ico] /  |c Clemente Checa Gonzalez, Juan Calvo Vergez, Mara̕ Cebri ̀Garca̕, Rosa M® Galapero Flores, Manuel Lucas Durǹ, Francisco ℓlvarez Arroyo, Jess︢ Ramos Prieto, Ana M® Nieto-Guerrero Lozano, Julia Maria Diaz Calvarro, Francisco Nicolau Domingos, Federico Solfaroli Camillocci, Jordi Sierra Viu, Alejo Hernandez Lavado, Alejandro Torres Gutiřrez, Silvia Meseguer Velasco, Jose Mara̕ Lago Montero 
256 |a Servicio en ln̕ea 
260 |a Madrid:  |b Dykinson,  |c 2017 
300 |a 1 recurso electrn̤ico 
500 |a El presente libro tiene su origen en la celebracin̤ de un interesante proyecto conjunto entre la Universidad de Extremadura, a travš del grupo de investigacin̤ Fiscalitas & Iuris, y el Consorcio de Ciudades Patrimonio de la Humanidad, proyecto que al final tuvo la forma de curso de verano internacional, celebrado en el mes de octubre de 2016. La enorme calidad de las aportaciones de los diferentes participantes en el curso, ponentes de diversas nacionalidades y universidades, nos llevaron a abordar esta publicacin̤ en la que se recogieran dichas participaciones y, al mismo tiempo, pudiřamos ampliar contenidos y autores. Todo ello bajo el denominador comn︢ del anl̀isis del patrimonio histr̤ico y cultural desde el punto de vista de las Haciendas locales. El resultado final de este proyecto es el libro que tiene en sus manos, en el que se aborda la problemt̀ica de los tributos locales y otras actuaciones de las Entidades locales, mirado siempre desde la perspectiva del patrimonio histr̤ico y cultural. Desde la exencin̤ en el Impuesto sobre Bienes Inmuebles, hasta las tasas y contribuciones especiales, son tratados todos y cada uno de los tributos locales; se completa el estudio con un anl̀isis de los gastos de las ciudades patrimonio de la Humanidad, y se culmina con el tratamiento fiscal de las confesiones religiosas, principales titulares de edificios catalogados como patrimonio histr̤ico. Planteando ideas de cara al futuro, se incluyen aportaciones de la regulacin̤ y tratamiento fiscal del patrimonio histr̤ico en pas̕es como Italia y Portugal, de la mano de expertos en la materia. La amplitud, y al mismo tiempo, concrecin̤ de los temas tratados, la calidad de los trabajos y la profesionalidad y categora̕ cientf̕ica de los autores, hacen de este libro una referencia indiscutible en la materia. Esta obra no hubiera sido posible sin la decidida y desinteresada colaboracin̤ de la obra social de la entidad bancaria Cajalmendralejo. 
506 1 |a Disponible solo en los productos indicados  |d vLex Global  |d vLex Global (Academic Edition, excluding Law Schools)  |d vLex Global (U.S. Academic Edition, Law Schools)  |d vLex Global (U.S. Academic Edition, excluding Law Schools)  |d vLex Global (Academic Edition, Law Schools) 
650 0 4 |a Derecho Fiscal  |z Espaą 
650 0 4 |a Derecho Tributario  |z Espaą 
700 1 |a Calvo Vergez, Juan 
700 1 |a Cebri ̀Garca̕, Mara̕ 
700 1 |a Galapero Flores, Rosa M® 
700 1 |a Lucas Durǹ, Manuel 
700 1 |a ℓlvarez Arroyo, Francisco 
700 1 |a Ramos Prieto, Jess︢ 
700 1 |a Nieto-Guerrero Lozano, Ana M® 
700 1 |a Diaz Calvarro, Julia Maria 
700 1 |a Nicolau Domingos, Francisco 
700 1 |a Solfaroli Camillocci, Federico 
700 1 |a Sierra Viu, Jordi 
700 1 |a Hernandez Lavado, Alejo 
700 1 |a Torres Gutiřrez, Alejandro 
700 1 |a Meseguer Velasco, Silvia 
700 1 |a Lago Montero, Jose Mara̕ 
740 0 |a vLex Libros (Servicio en ln̕ea) 
856 4 0 |u http://vlex.com/source/haciendas-locales-y-patrimonio-historico-y-cultural-21313  |z Acceso restringido 
942 |c BOOK 
999 0 |a Tax Law 
999 0 |a Tax Law